| 000 | 004620000a22001810004500 | ||
|---|---|---|---|
| 003 | MACL | ||
| 005 | 20150823123906.0 | ||
| 008 | 150823b xxu||||| |||| 00| 0 eng d | ||
| 040 |
_aMACL _cMACL |
||
| 041 | _aEnglish | ||
| 082 | _a650/IND | ||
| 100 |
_aIndresan, P.V. _96995 |
||
| 245 |
_aVision 2020 _bWhat India Can Be, And How To Make That Happen |
||
| 260 |
_aHyderabad _bICFAI _c2004 |
||
| 350 | _a300 | ||
| 650 |
_aManagement _96996 |
||
| 942 |
_cBK _k650 _2ddc |
||
| 999 |
_c1755 _d1755 |
||